Historia general de las indias: hispania vitrix cuya segunda parte corresponde a la conquista de Méjico
Saved in:
| Main Author: | |
|---|---|
| Format: | Book |
| Language: | Spanish |
| Published: |
Barcelona
Obras maestras
1954
|
| Subjects: | |
| Tags: |
Add Tag
No Tags, Be the first to tag this record!
|
MARC
| LEADER | 00000nam a2200000 a 4500 | ||
|---|---|---|---|
| 001 | UCO2837 | ||
| 003 | CL-VaPUC | ||
| 005 | 20241113124630.0 | ||
| 008 | 000608e19540000SP |||||||||||||||||spa|d | ||
| 999 | |c 289331 |d 289329 | ||
| 040 | |c Pontificia Universidad Católica de Valparaíso | ||
| 082 | 0 | 4 | |a 972.02 |b LOP |2 21 |
| 100 | |a López de Gómara, Francisco |e autor |9 860883 | ||
| 245 | 1 | 0 | |a Historia general de las indias: hispania vitrix cuya segunda parte corresponde a la conquista de Méjico |
| 260 | |a Barcelona |b Obras maestras |c 1954 | ||
| 300 | |a 2 v | ||
| 583 | |a last modification |c 20000608 00:00:00 |k Rodrigo Vera | ||
| 600 | 0 | 7 | |a CORTES, HERNAN |2 CL-VaPUC |9 258554 |
| 650 | 0 | |a Historia de México |9 321806 | |
| 650 | 0 | |a Descubrimiento y Conquista de América |9 446281 | |
| 650 | 7 | |a CONQUISTADORES |2 CL-VaPUC |9 446511 | |
| 650 | 7 | |a SIGLOS 15-16 |2 CL-VaPUC |9 342334 | |
| 651 | 0 | |a México |9 255269 | |
| 651 | 0 | |a América Central |9 255026 | |
| 942 | |c BK |2 ddc | ||
| 945 | |d 20000608 00:00:00 |a rherrera | ||
| 952 | |0 0 |1 0 |4 0 |6 972_020000000000000_LOP_1954 |7 0 |8 A |9 337646 |a BIBHIS |b BIBHIS |d 2019-11-20 |h v.1 |i 1288032 |o 972.02 LOP 1954 |p 1288032 |r 2025-01-20 |w 2019-11-20 |y BK |k HIS | ||
| 952 | |0 0 |1 0 |4 0 |6 972_020000000000000_LOP_1954 |7 0 |8 A |9 337647 |a BIBHIS |b BIBHIS |d 2019-11-20 |h v.2 |i 1288040 |o 972.02 LOP 1954 |p 1288040 |r 2025-01-20 |w 2019-11-20 |y BK |k HIS | ||
| 952 | |0 0 |1 0 |4 0 |6 972_020000000000000_LOP_1954 |7 0 |8 A |9 337648 |a BIBHIS |b BIBHIS |d 2019-11-20 |h v.1 |i 1288059 |o 972.02 LOP 1954 |p 1288059 |r 2025-01-20 |w 2019-11-20 |y BK |k HIS | ||
| 952 | |0 0 |1 0 |4 0 |6 972_020000000000000_LOP_1954 |7 0 |8 A |9 337649 |a BIBHIS |b BIBHIS |d 2019-11-20 |h v.2 |i 1288067 |o 972.02 LOP 1954 |p 1288067 |r 2025-01-20 |w 2019-11-20 |y BK |k HIS | ||
| 952 | |0 0 |1 0 |4 0 |6 972_020000000000000_LOP_1954 |7 0 |8 A |9 337650 |a BIBART |b BIBART |d 2019-11-20 |h v.1 |i 1207032 |o 972.02 LOP 1954 |p 1207032 |r 2025-03-13 |w 2019-11-20 |y BK |k ART | ||